00365nam a2200121Ia 4500008004000000020001800040082001500058100002100073245003700094260003800131300001100169650006300180210210b1993 xxu||||| |||| 00| 0 eng d a0 333 59788 5 a371.3 CASH aCASEY (Francis). aHow to study: a practical guide. aLondonbMacmillan Press Ltdc1993 aix,134 aStudy Guide Reading Libraries Notes Essay Writing Projects